<?xml version="1.0" encoding="UTF-8"?><?xml-stylesheet type="text/xsl" href="static/style.xsl"?><OAI-PMH xmlns="http://www.openarchives.org/OAI/2.0/" xmlns:xsi="http://www.w3.org/2001/XMLSchema-instance" xsi:schemaLocation="http://www.openarchives.org/OAI/2.0/ http://www.openarchives.org/OAI/2.0/OAI-PMH.xsd"><responseDate>2026-04-27T02:29:56Z</responseDate><request verb="GetRecord" identifier="oai:uvadoc.uva.es:10324/77014" metadataPrefix="marc">https://uvadoc.uva.es/oai/request</request><GetRecord><record><header><identifier>oai:uvadoc.uva.es:10324/77014</identifier><datestamp>2025-07-30T19:02:45Z</datestamp><setSpec>com_10324_38</setSpec><setSpec>col_10324_852</setSpec></header><metadata><record xmlns="http://www.loc.gov/MARC21/slim" xmlns:doc="http://www.lyncode.com/xoai" xmlns:xsi="http://www.w3.org/2001/XMLSchema-instance" xmlns:dcterms="http://purl.org/dc/terms/" xsi:schemaLocation="http://www.loc.gov/MARC21/slim http://www.loc.gov/standards/marcxml/schema/MARC21slim.xsd">
<leader>00925njm 22002777a 4500</leader>
<datafield tag="042" ind1=" " ind2=" ">
<subfield code="a">dc</subfield>
</datafield>
<datafield tag="720" ind1=" " ind2=" ">
<subfield code="a">Rodríguez Dulanto, Laura</subfield>
<subfield code="e">author</subfield>
</datafield>
<datafield tag="260" ind1=" " ind2=" ">
<subfield code="c">2025</subfield>
</datafield>
<datafield tag="520" ind1=" " ind2=" ">
<subfield code="a">El presente Trabajo de Fin de Grado pretende analizar cómo el desarrollo en entornos naturales contribuye al crecimiento integral de los niños y niñas, mediante la implementación de una Situación de Aprendizaje destinada al alumnado de segundo curso del segundo ciclo de Educación Infantil. En este proyecto se expone la importancia del contacto directo con la naturaleza dentro del proceso de enseñanza-aprendizaje, centrándose especialmente en la utilización de entornos naturales del propio centro como un patio escolar renaturalizado.&#xd;
El trabajo analiza cómo las actividades realizadas en estos entornos naturales contribuyen, de forma transversal, al desarrollo de aspectos fundamentales en la infancia como la motricidad, la empatía y el respeto, a través del juego libre y la exploración. Asimismo, se resalta que la interacción en estos espacios fomenta la autonomía personal y la conciencia individual del alumno, aspectos esenciales para su desarrollo integral. Entre los resultados más destacados, se evidencia la preferencia del alumnado por participar en actividades en entornos naturales del patio escolar, resaltando así la importancia de estos espacios y su transformación</subfield>
</datafield>
<datafield tag="024" ind2=" " ind1="8">
<subfield code="a">https://uvadoc.uva.es/handle/10324/77014</subfield>
</datafield>
<datafield tag="245" ind1="0" ind2="0">
<subfield code="a">Intervención educativa en un patio escolar renaturalizado. Acercando la naturaleza a infantil</subfield>
</datafield>
</record></metadata></record></GetRecord></OAI-PMH>